00261nam a2200109Ia 4500008004100000020001800041100002100059245002400080260003100104300000800135650000800143191201s2017 xx 000 0 und d a9789350239193 aMEDNIEKS, Zigurd 0aProgramming Android aN. DelhibShroff Pubc2017 a542 aMCA